The Changing Patterns of the Middle East (Record no. 187009)
[ view plain ]
| 000 -LEADER | |
|---|---|
| fixed length control field | 00650 a2200169 4500 |
| 003 - CONTROL NUMBER IDENTIFIER | |
| control field | Nust |
| 005 - DATE AND TIME OF LATEST TRANSACTION | |
| control field | 20170207153454.0 |
| 040 ## - CATALOGING SOURCE | |
| Transcribing agency | Nust |
| 082 ## - DEWEY DECIMAL CLASSIFICATION NUMBER | |
| Classification number | 956 |
| 100 ## - MAIN ENTRY--PERSONAL NAME | |
| Personal name | Rondot Pierre |
| 245 ## - TITLE STATEMENT | |
| Title | The Changing Patterns of the Middle East |
| 260 ## - PUBLICATION, DISTRIBUTION, ETC. | |
| Place of publication, distribution, etc. | London |
| Name of publisher, distributor, etc. | Chatto and windus |
| 505 ## - FORMATTED CONTENTS NOTE | |
| Formatted contents note | The Crisis of 1958(Page-13) The Board and the Pieces (Page-45) The Period of Arab Nationalism (Page-65) The Period of Arab-Israeli Tension (Page-103) The Period of Soviet Intervention (Page-147) The Middle East in the Shadow Asia (Page-179) |
| 538 ## - SYSTEM DETAILS NOTE | |
| System details note | Almirah No.63 Shelf No.4 |
| 600 ## - SUBJECT ADDED ENTRY--PERSONAL NAME | |
| Personal name | Pierre Rondot |
| 650 ## - SUBJECT ADDED ENTRY--TOPICAL TERM | |
| Topical term or geographic name entry element | Changing Patterns of the Middle East |
| 942 ## - ADDED ENTRY ELEMENTS (KOHA) | |
| Source of classification or shelving scheme | |
| Koha item type | Book |
| Withdrawn status | Lost status | Source of classification or shelving scheme | Damaged status | Not for loan | Collection code | Permanent Location | Current Location | Date acquired | Total Checkouts | Full call number | Barcode | Date last seen | Price effective from | Koha item type |
|---|---|---|---|---|---|---|---|---|---|---|---|---|---|---|
| Military College of Signals (MCS) | Military College of Signals (MCS) | 12/12/2016 | 956 RON | MCS29495 | 12/08/2016 | 12/12/2016 | Book |
